000 00445nam a2200097Ia 4500
008 180130s9999 xx 000 0 und d
245 _cZang, Wenyu; Zhang, Peng; Zhou, Chuan; Guo, Li
_aComparative study between incremental and ensemble learning on data streams: case study
260 _c2016
300 _aBook title: Big data analytics : (database management systems)--Acession number C20736; pages 178-193
650 _aDATABASE MANAGEMENT SYSTEMS
999 _c354392
_d354392